Campaña nacional, crisis económica y capitalismo. Costa Rica en la época de Juan Rafael Mora (1850-1860) /
Guardat en:
| Autor principal: | |
|---|---|
| Format: | Llibre |
| Idioma: | Spanish |
| Publicat: |
San José, Costa Rica
Editorial Costa Rica
2014
|
| Edició: | 1. edición |
| Col·lecció: | Colección nueva biblioteca patria ;
volumen número 4 |
| Matèries: | |
| Etiquetes: |
Afegir etiqueta
Sense etiquetes, Sigues el primer a etiquetar aquest registre!
|
MARC
| LEADER | 00000nam a22000007a 4500 | ||
|---|---|---|---|
| 008 | 140626s2014 C a|||f |||| 001 0dspa d | ||
| 020 | |a 9789968684484 | ||
| 082 | |a 972.86 |b R696c | ||
| 100 | 1 | |a Rodríguez Sáenz, Eugenia | |
| 245 | 1 | 0 | |a Campaña nacional, crisis económica y capitalismo. Costa Rica en la época de Juan Rafael Mora (1850-1860) / |c Eugenia Rodríguez Sáenz |
| 250 | |a 1. edición | ||
| 260 | |a San José, Costa Rica |b Editorial Costa Rica |c 2014 | ||
| 300 | |a 147 páginas : |b ilustraciones | ||
| 490 | 0 | |a Colección nueva biblioteca patria ; |v volumen número 4 | |
| 651 | 1 | 7 | |a COSTA RICA |v ENSAYOS |x HISTORIA |
| 651 | 1 | 7 | |a COSTA RICA |x HISTORIA |x CAMPAÑA NACIONAL |y 1856-1857 |
| 942 | |2 ddc |c BK | ||
| 999 | |c 3320 |d 3320 | ||



